Topics in mathematical system theory

Αποθηκεύτηκε σε:
Λεπτομέρειες βιβλιογραφικής εγγραφής
Κύριοι συγγραφείς: Kalman, Rudolf E (Συγγραφέας), Falb, Peter L (Συγγραφέας), Arbib, Michael A (Συγγραφέας)
Μορφή: Βιβλίο
Γλώσσα:Αγγλικά
Έκδοση: Nueva Delhi Tata McGraw-Hill 1974
Θέματα:
Ετικέτες: Προσθήκη ετικέτας
Δεν υπάρχουν, Καταχωρήστε ετικέτα πρώτοι!

MARC

LEADER 00000nam a2200000 a 4500
001 UCU3830
003 CL-VaPUC
008 960510e19740000II |||||||||||||||||eng|d
082 0 4 |a 511.2  |b KAL  |2 21 
100 0 |a Kalman, Rudolf E  |e author  |9 360989 
700 0 |a Falb, Peter L  |e author  |9 360990 
700 0 |a Arbib, Michael A  |e author  |9 360991 
245 1 0 |a Topics in mathematical system theory 
300 |a 358 p 
942 |c BK 
945 |d 19960510 00:00:00  |a lriquelm 
260 |a Nueva Delhi  |b Tata McGraw-Hill  |c 1974 
650 0 |a Matemática  |9 260235 
650 0 |a Álgebra  |9 259567 
650 0 |a Algoritmos   |9 260639 
650 0 |a Análisis numérico   |9 259387 
650 7 |a METODOS ANALITICOS  |2 CL-VaPUC  |9 358863 
583 |a last modification  |c 19960510 00:00:00  |k Rodrigo Vera 
999 |c 247706  |d 247704 
952 |0 0  |1 0  |4 0  |6 511_200000000000000_KAL_1974  |7 0  |8 A  |9 263804  |a BIBING  |b BIBING  |d 2019-11-19  |i 1653997  |o 511.2 KAL 1974  |p 1653997  |r 2025-01-20  |w 2019-11-19  |y BK  |k EIE